00648nam a2200229Ia 4500008004100000020001800041050001600059100001500075245002600090245001800116260002900134260001700163260000900180300001600189300002000205300001000225300001800235440000600253440002600259999001900285952011400304170918s9999 xx 000 0 und d a9780310702603 bR918li 2002 aRue, Nancy aRough & rugged Lily / cby Nancy Rue. aGrand Rapids, Michigan : bZonder Kids, c2002 a115 pages : billustrations ; c21cm. eLily series ; a9 vYoung women of faith. c344304d344304 001040aSSISMbSSISMd2017-09-18l0oGS FIC R918li 2002 bk 9pSSISM3376r2017-09-18 00:00:00w2017-09-18yBK